000 00595nam a2200205Ia 4500
001 5278
003 GE_BSU
008 181216s||||||||xx |||||||||||||| ||und||
040 _cGE_BSU
080 _a511(075.8)
100 _aГонин, Е. Г.
245 _aТеоретическая арифметика
245 _bучеб. пособие для студ.физ-мат. фак-ов пед. ин-тов
260 _aМосква
260 _bУчпедгиз.
260 _c1959
300 _a231с 22 см
653 _aТеоретическая арифметика
942 _cBK
999 _c38865
_d38865